Breve descripción del trabajo del equipo de Pastoral Campesina. Parroquias: Portezuelo - San Nicolás /
Wedi'i Gadw mewn:
| Prif Awdur: | |
|---|---|
| Fformat: | Llyfr |
| Iaith: | Spanish |
| Cyhoeddwyd: |
Santiago de Chile
Centro El Canelo de Nos, CEAAL
1986
|
| Pynciau: | |
| Tagiau: |
Ychwanegu Tag
Dim Tagiau, Byddwch y cyntaf i dagio'r cofnod hwn!
|
MARC
| LEADER | 00000nam a22000007a 4500 | ||
|---|---|---|---|
| 003 | cru CIDCACS/IIS | ||
| 005 | 20171208164738.0 | ||
| 008 | 171208b1986 cl |||||||||||00| ||spa|| | ||
| 999 | |c 40726 |d 40726 | ||
| 040 | |c cru CIDCACS/IIS | ||
| 090 | |a 00.00.00 Vxxc | ||
| 100 | 1 | |9 6229 |a Venegas, Claudio | |
| 245 | 1 | 0 | |a Breve descripción del trabajo del equipo de Pastoral Campesina. |b Parroquias: Portezuelo - San Nicolás / |c Claudio Venegas |
| 260 | |a Santiago de Chile |b Centro El Canelo de Nos, |b CEAAL |c 1986 | ||
| 300 | |a 5 páginas | ||
| 500 | |a Colección Alforja Curso Latinoamericano de metodologías y técnicas de educación popular, Santiago de Chile 1986 | ||
| 650 | 1 | 0 | |9 4105 |a COMUNIDADES PASTORALES |
| 650 | 1 | 0 | |9 1437 |a TRABAJO EN EQUIPO |
| 650 | 1 | 0 | |9 291 |a EDUCACION POPULAR |
| 942 | |2 ddc |c LI | ||
